000 00519nam a22001937a 4500
003 KOHA_MİRAKIL
005 20251006095841.0
008 251006b tu ||||| |||| 00| 0 tur d
020 _a9786053265610
040 _aTR-AnABB
_btur
_cTR-AnABB
041 _atur
082 _a277.3083
_bKIN 2022
100 1 _aKinnaman, David,
245 1 0 _aBeni kaybettin /
260 _aİstanbul :
_bİz Yayıncılık,
_c2022
300 _a328 sayfa ;
_c21 cm
650 0 4 _aAmerikan edebiyatı, roman
942 _2ddc
_cBK
999 _c9093
_d9093
900 _bGizem YORULMAZ